Kierunki metra Młociny - Statystyki

Ogólne statystyki
  • Ten quiz został rozwiązany 11 razy
  • Średni wynik to 16 z 31
Statystyki odpowiedzi
Linie Kierunek % Poprawnych
M1 Kabaty
100%
35 Banacha / zajezdnia Żoliborz
57%
850 Cybulice duże
57%
511 Dąbrówka wiślana
57%
750 Dębina / Palmiry / Izabelin - dziekanówek
57%
N56 Dziekanów leśny
57%
150 Dziekanów leśny / dziekanów leśny centrum badawcze PAN
57%
203 Fort Wawrzyszew
57%
33 Kielecka
57%
Z12 Klaudyn
57%
114 Młociny UKSW / Bródno podgrodzie
57%
N41 Młociny UKSW / Dworzec centralny
57%
N1 Nowodwory / Ursynów płn
57%
N58 Truskaw (Skibińskiego)
57%
210 Truskaw(Skibińskiego) / Sieraków
57%
26 Wiatraczna
57%
24 Wiatraczna / Zajezdnia Żoliborz
57%
2 Winnica / Tarchomin kościelny
57%
409 Cmentarz północy brama płn / Bródno podgrodzie
43%
23 Czynszowa / Zajezdnia Żoliborz
43%
N46 Dworzec centralny
43%
156 Dworzec wschodni (kijowska)
43%
103 Dworzec zachodni (tunelowa)
43%
250 Lomianki Dąbrowa
43%
N2 Marysin
43%
10 Osiedle Górczewska / zajezdnia Żoliborz
43%
28 Osiedle Górczewska / zajezdnia Żoliborz
43%
800 Palmiry muzeum
43%
712 Stare Babice (rynek)
43%
184 Szczęśliwie
43%
N44 Zajezdnia Żoliborz / Dworzec centralny
43%
Nie znaleziono quizów pasujących do podanych kryteriów
Rozkład punktacji
Procent ludzi z każdym wynikiem
Percentyl według liczby udzielonych odpowiedzi
Twoja historia wyników
Nie rozwiązałeś tego quizu